000 00309nam a2200133Ia 4500
005 20251222144853.0
008 251222s9999||||xx |||||||||||||| ||spa||
020 _a84-8239-551-3
082 _a238.4/C76
245 0 _aTemas actuales de escatología:
250 _a2a.ed.
264 _bPalabra
942 _cLIB
999 _c21665
_d21665